000 00463cam a2200169 i 4500
005 20250529111922.0
008 221123s2023 enka b 001 0 eng
020 _a9781032190419
040 _beng
_cSDCL
084 _aQ:(Y:351) R3
245 0 0 _aLiving folk religions
300 _axi, 351p.:
_bill.;
_c23 cm.
650 0 _aFolk religion.
_9811012
700 1 _aBorkataky-Varma, Sravana
_9811013
700 1 _aUllrey, A. Michael
_9811014
942 _2CC
_cTEXL
999 _c1429826
_d1429826